|
|
|
|
| LEADER |
00000nam0a2200000 4500 |
| 001 |
266209 |
| 005 |
20240914063139.0 |
| 035 |
|
|
|a (RuTPU)RU\TPU\book\289213
|
| 090 |
|
|
|a 266209
|
| 100 |
|
|
|a 20140703d1971 m y0rusy50 ca
|
| 101 |
0 |
|
|a rus
|
| 102 |
|
|
|a RU
|
| 105 |
|
|
|a a j 001zy
|
| 200 |
1 |
|
|a Пособие к лабораторным работам по курсу "Физика диэлектриков"
|f А. В. Петров [и др.]
|g Томский политехнический институт (ТПИ)
|
| 210 |
|
|
|a Томск
|c Изд-во ТПИ
|d 1971
|
| 215 |
|
|
|a 113 с.
|c ил.
|
| 606 |
|
|
|a Диэлектрики
|x Физика
|2 stltpush
|3 (RuTPU)RU\TPU\subj\71618
|
| 610 |
1 |
|
|a твердые диэлектрики
|
| 610 |
1 |
|
|a электропроводность
|
| 610 |
1 |
|
|a разбавленные растворы
|
| 610 |
1 |
|
|a конденсаторы
|
| 610 |
1 |
|
|a емкость
|
| 610 |
1 |
|
|a лабораторные работы
|
| 610 |
1 |
|
|a учебные пособия
|
| 610 |
1 |
|
|a труды учёных ТПУ
|
| 675 |
|
|
|a 537.226(076.5)
|v 3
|
| 701 |
|
1 |
|a Петров
|b А. В.
|
| 701 |
|
1 |
|a Похолков
|b Ю. П.
|c специалист в области электротехники, доктор технических наук
|c ректор Томского политехнического университета (1990-2008), профессор
|f 1939-
|g Юрий Петрович
|x TPU
|y Томск
|3 (RuTPU)RU\TPU\pers\10508
|9 2235
|
| 701 |
|
1 |
|a Жеребцов
|b В. А.
|
| 701 |
|
1 |
|a Меркулов
|b В. И.
|
| 712 |
0 |
2 |
|a Томский политехнический институт (ТПИ)
|c (1944-1991)
|3 (RuTPU)RU\TPU\col\1123
|
| 801 |
|
1 |
|a RU
|b 63413507
|c 20140703
|
| 801 |
|
2 |
|a RU
|b 63413507
|c 20210128
|g RCR
|
| 942 |
|
|
|c BK
|